ბათუმის შოთა რუსთაველის სახელმწიფო უნივერსიტეტის ბიბლიოთეკა

მტკიცებულებითი სამართალი : (ბიბ.ჩანაწერი № 53845)

000 -ლიდერი
ფიქსირებული სიგრძის საკონტროლო ველი 01245nam a2200265Ia 4500
001 - საკონტროლო ნომერი
საკონტროლო ველი 20896
003 - საკონტროლო ნომრის იდენტიფიკატორი
საკონტროლო ველი GE_BSU
005 - ბოლო ოპერაციის თარიღი და დრო
საკონტროლო ველი 20210611170929.0
008 - ფიქსირებული სიგრძის მონაცემთა ელემენტები - ზოგადი ინფორმაცია
ფიქსირებული სიგრძის საკონტროლო ველი 181216s2016||||ge |||||||||||||| ||geo||
020 ## - წიგნის საერთაშორისო სტანდარტული ნომერი
International Standard Book Number 9789941947735
040 ## - კატალოგიზაციის წყარო
Transcribing agency GE_BSU
041 ## - ენის კოდი
Language code of text/sound track or separate title geo
080 ## - უნივერსალური ათობითი კლასიფიკაციის ინდექსი
Universal Decimal Classification number 347 ჰ-46
100 ## - მთავარი ჩანაწერი - პიროვნების სახელი
Personal name ჰერმანი, თომას
9 (RLIN) 12031
245 ## - ცნობა სათაურის შესახებ
Title მტკიცებულებითი სამართალი :
Remainder of title კონსპექტი /
Statement of responsibility, etc თომას ჰერმანი ; თარგმანი ეთერ ჩაჩანიძის.
264 ## - წარმოების, გამოცემის, დისტრიბუციის და სხვა ცნობები
გამოცემის, წარმოების, დისტრიბუციის... ადგილი თბილისი :
გამოცემის, წარმოების, დისტრიბუციის... სახელწოდება იურისტების სამყარო,
გამოცემის, წარმოების, დისტრიბუციის... თარიღი 2016.
300 ## - ფიზიკური აღწერა
Extent 74 გვ. ;
Dimensions 19 სმ.
500 ## - ზოგადი შენიშვნა
General note გერმანიის თანამშრომლობაGIZ
500 ## - ზოგადი შენიშვნა
General note წინამდებარე ნაშრომი გამოცემულია GIZ-ის ფინანსური მხარდაჭერით
653 ## - INDEX TERM--UNCONTROLLED
Uncontrolled term მტკიცებულებითი სამართალი
653 ## - INDEX TERM--UNCONTROLLED
Uncontrolled term სამართალი
700 ## - ADDED ENTRY--PERSONAL NAME
Personal name ჩაჩანიძე, ეთერ
Relator term მთარგმნელი
9 (RLIN) 12032
942 ## - ADDED ENTRY ELEMENTS (KOHA)
Koha item type წიგნი
Source of classification or shelving scheme
ეგზემპლარები
ჩამოწერის სტატუსი დაკარგული ეგზემპლარის სტატუსი კლასიფიკაციის წყარო ან თაროზე გაწყობის სქემა დაზიანების სტატუსი არ გაიცემა მუდმივი მდებარეობა (დაცვის ადგილი) ამჟამინდელი ადგილსამყოფელი თაროზე განთავსების ადგილი შეძენის თარიღი ღირებულება, შესყიდვის ნორმალური ფასი სრული შენახვის შიფრი შტრიხკოდი ბოლო ოპერაციის თარიღი ეგზემპლარის მიმდევრობითი ნომერი (კეტერი?) ფასის ძალაში შესვლის თარიღი ეგზემპლარის სახეობა საჯარო შენიშვნა
          ბათუმის შოთა რუსთაველის სახელმწიფო უნივერსიტეტის მთავარი ბიბლიოთეკა ბათუმის შოთა რუსთაველის სახელმწიფო უნივერსიტეტის მთავარი ბიბლიოთეკა წიგნსაცავი 2018-12-17 7.00 347 ჰ-46 54477 2018-12-17 54477 2018-12-17 წიგნი 7.00 ₾.
          ბათუმის შოთა რუსთაველის სახელმწიფო უნივერსიტეტის მთავარი ბიბლიოთეკა ბათუმის შოთა რუსთაველის სახელმწიფო უნივერსიტეტის მთავარი ბიბლიოთეკა წიგნსაცავი 2018-12-17 7.00 347 ჰ-46 54476 2018-12-17 54476 2018-12-17 წიგნი 7.00 ₾.